000 00618nam a2200205Ia 4500
003 GCL
008 140319s9999 xx 000 0 ara d
040 _aGCL /
_cGCL
082 0 4 _a746.94
_bن س
100 1 _aنادية ابراهيم محمد
245 1 0 _aالستائر فى الديكور /
_cنادية ابراهيم محمد
260 _a[S.N] :
_bالدار المصرية اللبنانية ،
_c1988
300 _a121 ص
490 _a
650 0 4 _aالديكور
650 0 4 _aالستائر
650 0 4 _aستائر الحائط
650 0 4 _aالستائر الهوائية
942 _2ddc
_cBK
999 _c32690
_d32690